| 000 | 00411nam a2200097Ia 4500 | ||
|---|---|---|---|
| 008 | 180130s9999 xx 000 0 und d | ||
| 245 |
_cAshok, Aditya; Hahn, Adam; Govindarasu, Manimaran _aCyber-physical security of wide-area monitoring, protection and control in a smart grid environment |
||
| 260 | _c2015 | ||
| 300 | _aBook title: Cyber security--Acession number C20544; pages 199-220 | ||
| 650 | _aCYBER SECURITY | ||
| 999 |
_c354217 _d354217 |
||